| 000 | 00455nam a2200181Ia 4500 | ||
|---|---|---|---|
| 001 | 14275 | ||
| 005 | 20260306164902.0 | ||
| 008 | 260306t2015||||xx |||||||||||||| ||spa|| | ||
| 041 | _aESP | ||
| 082 |
_a510.33 _bR22 |
||
| 100 |
_aRamírez Díaz, José Augusto _eAUT |
||
| 245 | 0 |
_aMatemática aplicada: _bal mercado no financiero |
|
| 260 | _c2015 | ||
| 300 |
_a114 páginas : _c24 cm. |
||
| 650 | _aGEN | ||
| 654 | _aCMA | ||
| 942 |
_cLIB _dJUS _fJUS _2ddc _n |
||
| 999 |
_c14275 _d14275 |
||